Sixty minutes / directed by Oliver Kienle ; produced by Quirin Berg, Philip Koch, Maximilian Vetter, Max Wiedemann ; written by Philip Koch, Oliver Kienle. (Record no. 20939)

000 -LEADER
fixed length control field 01209nam a22002657a 4500
008 - FIXED-LENGTH DATA ELEMENTS--GENERAL INFORMATION
fixed length control field 250528b xxu||||| |||| 00| 0 eng d
040 ## - CATALOGING SOURCE
Original cataloging agency Cagayan State University
Description conventions RDA
082 ## - DEWEY DECIMAL CLASSIFICATION NUMBER
Classification number 791.4372
Item number S6255 2024
245 ## - TITLE STATEMENT
Title Sixty minutes / directed by Oliver Kienle ; produced by Quirin Berg, Philip Koch, Maximilian Vetter, Max Wiedemann ; written by Philip Koch, Oliver Kienle.
260 ## - PUBLICATION, DISTRIBUTION, ETC. (IMPRINT)
Place of publication, distribution, etc United States :
Name of publisher, distributor, etc Netflix,
Date of publication, distribution, etc 2024.
300 ## - PHYSICAL DESCRIPTION
Extent 1 videofile, (ca. 89 mins.) :
Other physical details sound, color.
520 ## - SUMMARY, ETC.
Summary, etc MMA fighter Octavio only has an hour to come to his daughter's birthday, otherwise he could lose custody of her forever. But to achieve his goal, he lets a big fight whiz, which all sorts of shady characters don't like. As the Octavio chase, the merciless race against time will soon push the young father to his limits.
650 ## - SUBJECT ADDED ENTRY--TOPICAL TERM
Topical term or geographic name as entry element Action.
650 ## - SUBJECT ADDED ENTRY--TOPICAL TERM
Topical term or geographic name as entry element Adventure.
650 ## - SUBJECT ADDED ENTRY--TOPICAL TERM
Topical term or geographic name as entry element Drama.
650 ## - SUBJECT ADDED ENTRY--TOPICAL TERM
Topical term or geographic name as entry element Sport.
700 ## - ADDED ENTRY--PERSONAL NAME
Personal name Sakraya, Emilio, star.
700 ## - ADDED ENTRY--PERSONAL NAME
Personal name Mojen, Dennis, star.
700 ## - ADDED ENTRY--PERSONAL NAME
Personal name Mouroum, Marie, star.
700 ## - ADDED ENTRY--PERSONAL NAME
Personal name Wollin, Paul, star.
700 ## - ADDED ENTRY--PERSONAL NAME
Personal name Nestroy, Markus, cinematographer.
700 ## - ADDED ENTRY--PERSONAL NAME
Personal name Gans, Maria, editor.
700 ## - ADDED ENTRY--PERSONAL NAME
Personal name Hake, Knut, editor.
942 ## - ADDED ENTRY ELEMENTS (KOHA)
Source of classification or shelving scheme
Item type Audio-Visual Materials
Holdings
Source of acquisition Price effective from Permanent location Date last seen Not for loan Date acquired Source of classification or shelving scheme Koha item type Collection code Shelving location Damaged status Lost status Withdrawn status Current location Full call number
Donation2025-05-28Cagayan State University - Carig Library2025-05-28 2025-05-28 Audio-Visual MaterialsElectronic Media CenterElectronic Media Center   Cagayan State University - Carig Library791.4372 S6255 2024

Cagayan State University University Library, Carig Campus
Tuguegarao City, Cagayan 3500 | www.csucarig.edu.ph

Powered by Koha